| 000 | 02066nam a22002537a 4500 | ||
|---|---|---|---|
| 999 |
_c58168 _d58168 |
||
| 003 | Ge_BSU | ||
| 005 | 20210720113233.0 | ||
| 008 | 210720s2020 ge ||||| |||| 00| 0 geo d | ||
| 020 | _a9789941823855 | ||
| 041 | _ageo | ||
| 080 | _a342.726 b-20 | ||
| 245 |
_aბავშვის უფლებების ევროპული სამართლის სახელმძღვანელო / _cლაშა ლურსმანაშვილის თარგმანი ; მარიამ ბობოხიძის რედაქტორობით ; წინასიტყვაობა სნეჟანა სამარდჟინ-მარკოვიჩი, კონსტანტინოს მანოლოპოლოსი ; სულხან-საბა ორბელიანის უნივერსიტეტის მიშელ მუსხელის ინ-ტი. |
||
| 264 |
_aთბილისი : _bსულხან-საბა ორბელიანის უნივერსიტეტის გამოცემლობა, _c2020. |
||
| 300 |
_a202 გვ. ; _b 29 სმ. |
||
| 504 | _aბიბლიოგრაფია: გვ. 177-186. | ||
| 653 | _aსამართალი | ||
| 653 | _aბავშვის უფლებები | ||
| 700 |
_aლურსმანაშვილი, ლაშა _eმთარგმნელი _98138 |
||
| 700 |
_aბობოხიძე, მარიამ _eრედაქტორი _912296 |
||
| 700 |
_aსამარდჟინ-მარკოვიჩი, სნეჟანა _eწინასიტყვაობის ავტორი _912297 |
||
| 700 |
_aმანოლოპოლოსი, კონსტანტინოს _eწინასიტყვაობის ავტორი _912298 |
||
| 710 |
_aსულხან-საბა ორბელიანის უნივერსიტეტი _bმიშელ მუსხელის ინ-ტი _912299 |
||
| 942 |
_2udc _cBK |
||